Unit operations : an approach to videogame criticism /

Bibliographic Details
Main Author: Bogost, Ian
Format: Book
Language:English
Published: Cambridge, Mass. : MIT Press, [2006]
Subjects:

MARC

Tag First Indicator Second Indicator Subfields
LEADER 00000pam a22000004a 4500
001 in00002174180
005 20151104053148.0
008 051011s2006 mau b 001 0 eng
010 |a  2005056105 
015 |a GBA635831  |2 bnb 
016 7 |a 013436716  |2 Uk 
020 |a 026202599X (alk. paper) 
035 |a (OCoLC)ocm62110050 
040 |a DLC  |c DLC  |d YDX  |d BAKER  |d UKM  |d COO  |d UtOrBLW 
042 |a pcc 
049 |a TXAM 
050 0 0 |a QA76.76.C672  |b B65 2006 
082 0 0 |a 794.8  |2 22 
100 1 |a Bogost, Ian. 
245 1 0 |a Unit operations :  |b an approach to videogame criticism /  |c Ian Bogost. 
264 1 |a Cambridge, Mass. :  |b MIT Press,  |c [2006] 
264 4 |c ©2006 
300 |a xv, 243 pages ;  |c 24 cm. 
336 |a text  |b txt  |2 rdacontent 
337 |a unmediated  |b n  |2 rdamedia 
338 |a volume  |b nc  |2 rdacarrier 
504 |a Includes bibliographical references (pages [215]-238) and index. 
650 0 |a Computer games  |x Design. 
650 0 |a Computer games  |x Philosophy. 
650 0 |a Computer games  |x Sociological aspects. 
938 |a Baker & Taylor  |b BKTY  |c 35.00  |d 35.00  |i 026202599X  |n 0006619773  |s active 
945 |i PromptCat 
947 |a A14834118557 
994 |a 92  |b TXA 
948 |a cataloged  |b h  |c 2006/6/15  |d c  |e rbarron  |f 2:09:15 pm 
999 |a MARS 
999 f f |s 9509dea2-33b6-38fd-805a-709d30f5dded  |i a1790e7f-4f64-381c-b2d3-477c4a9ebce3  |t 0 
952 f f |p normal  |a Texas A&M University  |b College Station  |c Sterling C. Evans Library  |d Evans: Library Stacks  |t 0  |e QA76.76.C672 B65 2006  |h Library of Congress classification  |i unmediated -- volume  |m A14834118557 
998 f f |a QA76.76.C672 B65 2006  |t 0  |l Evans: Library Stacks